Juan Bosch : (Registro nro. 8034)

Detalles MARC
000 -LIDER
fixed length control field 00918nam a2200265 a 4500
001 - NÚMERO DE CONTROL
Identificador de número de control 000041647
003 - IDENTIFICACDOR DE NÚMERO DE CONTROL
control field DO-SdBNP
005 - DATE AND TIME OF LATEST TRANSACTION
control field 20220927123442.0
007 - CAMPOS FIJOS DE DESCRIPCIÓN FÍSICA
fixed length control field 000041647
008 - ELEMENTOS DE LONGITUD FIJA
fixed length control field 131015s2009 dr c 000 0 spa d
020 ## - ISBN
International Standard Book Number 9789945002560
040 ## - FUENTE DE CATALOGACIÓN
Agencia que crea de manera original el registro BPMSU
Idioma de catalogación spa
Agencia que realiza la transcripción BPMSU
082 #4 - NÚMERO DE CLASIFICACIÓN DECIMAL DE DEWEY
Classification number 923.27293
Item number B742p 2009
Edition number 22
245 00 - MENCIÓN DE TITULO
Título Juan Bosch :
Subtítulo perfil humano /
Mención de responsabilidad compilación, presentación y notas de Flavia García.
260 ## - PUBLICACIÓN, DISTRIBUCIÓN, ETC. (PIE DE IMPRENTA)
Lugar de publicación, distribución, etc Santo Domingo :
Nombre del editor, distribuidor, etc. Corripio,
Fecha de publicación, distribución, etc 2009.
300 ## - DESCRIPCIÓN FÍSICA
Extensión 416 p. :
Otros detalles físicos retr. ;
Dimensiones 26 cm.
500 ## - NOTA GENERAL
Nota general Incluye datos biográficos de la compiladora en la solapa de la cubierta
590 ## - NOTA LOCAL
Enlace Inventariado, 2022/VM
600 14 - ENCABEZAMIENTO DE MATERIA--NOMBRE PERSONAL
Nombre personal Bosch, Juan
Fechas asociadas con el nombre 1909-2001
Subdivisión temática general Crítica e interpretación
Subdivisión de forma
650 #4 - ENCABEZAMIENTO DE MATERIA--TEMÁTICO
Término temático o nombre geográfico como elemento de entrada Presidentes
Subdivisión geográfica República Dominicana
Subdivisión de forma Biografías
650 #4 - ENCABEZAMIENTO DE MATERIA--TEMÁTICO
Término temático o nombre geográfico como elemento de entrada Autores dominicanos
Subdivisión cronológica Siglo XX
Subdivisión de forma Biografías
700 12 - ASIENTO SECUNDARIO -- NOMBRE PERSONAL
Nombre personal García, Flavia
Mención de responsabilidad comp.
910 ## - VALIDACIÓN
Validación VMateo V./Validado
942 ## - ADDED ENTRY ELEMENTS (KOHA)
Source of classification or shelving scheme Dewey Decimal Classification
Koha item type Libros
Existencias
Withdrawn status Lost status Source of classification or shelving scheme Damaged status Not for loan Collection code Home library Current library Date acquired Source of acquisition Full call number Barcode Date last seen Price effective from Koha item type Copy number
    Dewey Decimal Classification     Colección Dominicana Biblioteca Pública Metropolitana Salomé Ureña Biblioteca Pública Metropolitana Salomé Ureña 07/31/2015 Donado por Flavia García BPMSU CD 923.27293 B742p 2009 BPMSU15070457 07/31/2015 07/31/2015 Libros  
    Dewey Decimal Classification     Colección Dominicana Biblioteca Pública Metropolitana Salomé Ureña Biblioteca Pública Metropolitana Salomé Ureña 07/31/2015 Flavia García BPMSU CD 923.27293 B742p 2009 BPMSU15070458 07/31/2015 07/31/2015 Libros e.2
    Dewey Decimal Classification     Colección Dominicana Biblioteca Pública Metropolitana Salomé Ureña Biblioteca Pública Metropolitana Salomé Ureña 07/31/2015 Donado por Flavia García BPMSU CD 923.27293 B742p 2009 BPMSU15070459 07/31/2015 07/31/2015 Libros e.3